000 01110nac a22002777a 4500
001 BR7803698
003 BR-BrBNA
005 20240105114238.0
008 230509b bl.|||m| |||| 00| 0 por d
040 _aBR-BrBNA
_bpor
_cBiblioteca Nacional de Agricultura
072 _aF00
090 _a0430 BR7803698
110 1 _aEmpresa Brasileira de Assistencia Tecnica e Extensao Rural, Brasilia, DF;
_93797
110 1 _aEmpresa Brasileira de Pesquisa Agropecuaria, Brasilia, DF
_93834
245 1 _aSistemas de producao para algodao arboreo (Revisao): Serido, Sertao de Angicos, Serra Verde e Borborema Potiguar [Gossypium arboreum; Rio Grande do Norte; Brasil]
260 3 _aNatal, RN (Brasil):
_bEmpresa de Assistencia Tecnica e Extensao rural do Rio Grande do Norte,
_cOct 1978.
300 _a42 p.
490 _aSistemas de Producao. Boletim (Brazil)
_vno. 142
_x
650 _aProducao vegetal
650 _aAlgodao arboreo
650 _aPratica cultural
650 _azona semi-arida
650 _aRio Grande do Norte
909 _a202312
_bLúcia Elande
_c55
_dLúcia Elande
942 _2AGRIS
_n0
_cMS
999 _c268235
_d268235